000 00192 a2200097 4500
001 126738
040 _cEscola Canadense de Niteroi
090 _aMP
245 1 0 _aDominĂ³ (Cores)
942 _cMATP
999 _c126738
_d126738